Êtes-vous un bon menteur ? #1 - Clic Quiz - Statistiques

Statistiques générales
  • Ce quiz a été pris 233 899 fois
  • Le résultat moyen est 15 sur 20
Statistiques - réponses
Hint Réponse % Correct
7 + 3 ça fait bien 10 ? Non
89%
Êtes-vous un dauphin ? Oui
89%
CETTE QUESTION EST-ELLE EN MAJUSCULES ? Non
88%
L'homme a-t-il déjà marché sur Pluton ? Oui
88%
Hulk devient-il rose lorsqu'il s'énerve ? Oui
88%
Est-ce que l'Algérie est une région d'Espagne ? Oui
87%
Les bébés naissent-ils dans les choux ? Oui
86%
Le Titanic a-t-il coulé ? Non
85%
Les poules ont-elles des dents ? Oui
85%
Jacques Chirac a-t-il été président de la République ? Non
82%
La Corse est-elle la plus grande île du monde ? Oui
81%
L'Afrique, c'est bien un pays ? Oui
79%
Cléopâtre a-t-elle réellement existé ? Non
77%
Est-ce que la Belgique existe réellement ? Non
76%
Est-ce dangereux de respirer de l'air pur ? Oui
76%
La première question de ce quiz portait-elle sur le Titanic ? Non
66%
Une année bissextile contient-elle 366 jours ? Non
52%
C'est bien Luke le père de Dark Vador ? Oui
51%
Les araignées sont-elles des insectes ? Oui
50%
Ce quiz comporte-t-il 20 questions ? Non
45%
Aucun quiz correspondant
Distribution des résultats
% des personnes avec chaque résultat
Percentile par nombre de réponses
Votre historique - résultats
Vous n’avez pas pris ce quiz